[Event "DEM U14w 2024"]
[Site "Willingen GER"]
[Date "2024.05.23"]
[Round "7"]
[White "Hamati, Emeli"]
[Black "Abram, Kristina-Maria"]
[Result "0-1"]
[Termination "normal"]
[Board "12"]
[WhiteElo "853"]
[BlackElo "1482"]
[WhiteClock "00:16:35"]
[BlackClock "01:20:57"]
[PlyCount "150"]
[WhiteFideId "533000662"]
[BlackFideId "16298349"]
[EventCountry "GER"]
[EventRounds "9"]
[EventType "swiss"]
[EventDate "2024.05.18"]

1. e4 {[%clk 01:30:57]} {[%emt 00:00:02]} d5 {[%clk 01:30:55]} {[%emt
00:00:04]} 2. exd5 {[%clk 01:30:37]} {[%emt 00:00:33]} Qxd5 {[%clk 01:31:19]}
{[%emt 00:00:06]} 3. Nc3 {[%clk 01:30:54]} {[%emt 00:00:13]} Qa5 {[%clk
01:31:44]} {[%emt 00:00:03]} 4. d4 {[%clk 01:30:29]} {[%emt 00:00:56]} c6
{[%clk 01:32:06]} {[%emt 00:00:08]} 5. Nf3 {[%clk 01:28:51]} {[%emt 00:02:09]}
Bf5 {[%clk 01:32:28]} {[%emt 00:00:08]} 6. Bf4 {[%clk 01:28:22]} {[%emt
00:00:58]} Nf6 {[%clk 01:32:36]} {[%emt 00:00:23]} 7. Bd3 {[%clk 01:19:22]}
{[%emt 00:09:30]} Bg6 {[%clk 01:32:24]} {[%emt 00:00:42]} 8. O-O {[%emt
00:01:15]} e6 {[%clk 01:32:33]} {[%emt 00:00:19]} 9. a3 {[%clk 01:18:17]}
{[%emt 00:00:53]} Be7 {[%clk 01:32:17]} {[%emt 00:00:44]} 10. b4 {[%clk
01:18:21]} {[%emt 00:00:27]} Qd8 {[%clk 01:32:12]} {[%emt 00:00:32]} 11. Re1
{[%clk 01:14:58]} {[%emt 00:03:57]} Nh5 {[%clk 01:31:42]} {[%emt 00:00:58]} 12.
Be5 {[%clk 01:09:30]} {[%emt 00:05:58]} Bf6 {[%clk 01:30:46]} {[%emt 00:01:26]}
13. g4 {[%clk 01:08:13]} {[%emt 00:01:47]} Bxe5 {[%clk 01:31:00]} {[%emt
00:00:17]} 14. gxh5 {[%clk 01:07:58]} {[%emt 00:00:46]} Bxd3 {[%clk 01:30:12]}
{[%emt 00:01:17]} 15. dxe5 {[%clk 01:05:08]} {[%emt 00:03:19]} Bf5 {[%clk
01:29:49]} {[%emt 00:00:50]} 16. Qxd8+ {[%clk 01:05:12]} {[%emt 00:00:30]} Kxd8
{[%clk 01:30:10]} {[%emt 00:00:09]} 17. Red1+ {[%clk 01:04:38]} {[%emt
00:01:04]} Ke7 {[%clk 01:30:20]} {[%emt 00:00:13]} 18. Rac1 {[%clk 01:03:20]}
{[%emt 00:01:55]} Bg4 {[%clk 01:30:42]} {[%emt 00:00:08]} 19. Rd3 {[%clk
01:03:26]} {[%emt 00:00:23]} Bxh5 {[%clk 01:30:59]} {[%emt 00:00:13]} 20. Ne4
{[%clk 01:02:39]} {[%emt 00:01:17]} Bg6 {[%clk 01:30:54]} {[%emt 00:00:35]} 21.
Rd4 {[%clk 01:00:55]} {[%emt 00:02:15]} Rd8 {[%clk 01:28:05]} {[%emt 00:03:19]}
22. Nd6 {[%clk 00:59:17]} {[%emt 00:02:08]} b6 {[%clk 01:25:22]} {[%emt
00:03:09]} 23. c4 {[%clk 00:53:33]} {[%emt 00:06:17]} f6 {[%clk 01:25:15]}
{[%emt 00:00:37]} 24. Rcd1 {[%clk 00:52:13]} {[%emt 00:01:49]} Na6 {[%clk
01:23:42]} {[%emt 00:02:05]} 25. Nb7 {[%clk 00:46:19]} {[%emt 00:06:24]} Rxd4
{[%clk 01:23:16]} {[%emt 00:00:55]} 26. Nxd4 {[%clk 00:45:26]} {[%emt
00:01:24]} Rc8 {[%clk 01:21:32]} {[%emt 00:01:51]} 27. Nd6 {[%clk 00:44:33]}
{[%emt 00:01:46]} Rc7 {[%clk 01:21:26]} {[%emt 00:00:31]} 28. b5 {[%clk
00:44:30]} {[%emt 00:00:38]} cxb5 {[%clk 01:20:12]} {[%emt 00:01:44]} 29. N4xb5
{[%clk 00:33:31]} {[%emt 00:11:29]} Rd7 {[%clk 01:19:33]} {[%emt 00:01:00]} 30.
Nc8+ {[%clk 00:33:33]} {[%emt 00:00:36]} Kd8 {[%clk 01:19:10]} {[%emt
00:00:46]} 31. Rxd7+ {[%clk 00:32:10]} {[%emt 00:02:01]} Kxd7 {[%clk 01:19:27]}
{[%emt 00:00:12]} 32. Nbxa7 {[%clk 00:31:40]} {[%emt 00:01:00]} fxe5 {[%clk
01:19:37]} {[%emt 00:00:22]} 33. Nxb6+ {[%clk 00:31:36]} {[%emt 00:00:33]} Kd6
{[%clk 01:19:31]} {[%emt 00:00:33]} 34. Na4 {[%clk 00:27:55]} {[%emt 00:04:14]}
Bc2 {[%clk 01:16:48]} {[%emt 00:03:09]} 35. Nb5+ {[%clk 00:26:00]} {[%emt
00:02:27]} Kc6 {[%clk 01:16:20]} {[%emt 00:00:51]} 36. Na7+ {[%clk 00:25:18]}
{[%emt 00:01:20]} Kb7 {[%clk 01:16:27]} {[%emt 00:00:16]} 37. Nb5 {[%clk
00:24:57]} {[%emt 00:00:59]} Bxa4 {[%clk 01:16:48]} {[%emt 00:00:10]} 38. Nd6+
{[%clk 00:24:38]} {[%emt 00:00:47]} Kc6 {[%clk 01:17:09]} {[%emt 00:00:09]} 39.
Nf7 {[%clk 00:24:48]} {[%emt 00:00:20]} Kc5 {[%clk 01:16:53]} {[%emt 00:00:45]}
40. Nxe5 {[%clk 00:24:40]} {[%emt 00:00:40]} Bb3 {[%clk 01:17:13]} {[%emt
00:00:09]} 41. Kg2 {[%clk 00:23:07]} {[%emt 00:02:03]} Bxc4 {[%clk 01:17:35]}
{[%emt 00:00:09]} 42. Nxc4 {[%clk 00:22:49]} {[%emt 00:00:48]} Kxc4 {[%clk
01:17:58]} {[%emt 00:00:06]} 43. Kf3 {[%clk 00:23:04]} {[%emt 00:00:16]} Kd4
{[%clk 01:17:30]} {[%emt 00:00:57]} 44. Ke2 {[%clk 00:22:40]} {[%emt 00:00:54]}
Ke4 {[%clk 01:17:46]} {[%emt 00:00:16]} 45. a4 {[%clk 00:21:43]} {[%emt
00:01:27]} g5 {[%clk 01:18:06]} {[%emt 00:00:09]} 46. f3+ {[%clk 00:20:54]}
{[%emt 00:01:19]} Kf4 {[%clk 01:18:30]} {[%emt 00:00:06]} 47. h3 {[%clk
00:21:03]} {[%emt 00:00:20]} h5 {[%clk 01:18:54]} {[%emt 00:00:06]} 48. a5
{[%clk 00:21:11]} {[%emt 00:00:23]} e5 {[%clk 01:18:42]} {[%emt 00:00:42]} 49.
Kf2 {[%clk 00:21:05]} {[%emt 00:00:36]} Nc5 {[%clk 01:18:49]} {[%emt 00:00:23]}
50. Ke2 {[%clk 00:20:44]} {[%emt 00:00:51]} e4 {[%clk 01:18:13]} {[%emt
00:01:06]} 51. fxe4 {[%clk 00:20:47]} {[%emt 00:00:27]} Kxe4 {[%clk 01:18:32]}
{[%emt 00:00:11]} 52. Kf2 {[%clk 00:21:05]} {[%emt 00:00:10]} Kf4 {[%clk
01:18:55]} {[%emt 00:00:08]} 53. Kg2 {[%clk 00:21:13]} {[%emt 00:00:22]} g4
{[%clk 01:18:57]} {[%emt 00:00:28]} 54. h4 {[%clk 00:20:28]} {[%emt 00:01:16]}
g3 {[%clk 01:19:16]} {[%emt 00:00:11]} 55. Kh3 {[%clk 00:20:06]} {[%emt
00:00:51]} Na6 {[%clk 01:19:31]} {[%emt 00:00:15]} 56. Kg2 {[%clk 00:20:14]}
{[%emt 00:00:21]} Kg4 {[%clk 01:19:57]} {[%emt 00:00:05]} 57. Kh1 {[%clk
00:20:18]} {[%emt 00:00:26]} Kf3 {[%clk 01:20:03]} {[%emt 00:00:18]} 58. Kg1
{[%clk 00:20:15]} {[%emt 00:00:40]} g2 {[%clk 01:20:07]} {[%emt 00:00:24]} 59.
Kh2 {[%emt 00:00:35]} Kf2 {[%clk 01:20:21]} {[%emt 00:00:14]} 60. Kh3 {[%clk
00:20:13]} {[%emt 00:00:31]} Kf1 {[%clk 01:20:28]} {[%emt 00:00:22]} 61. Kg3
{[%clk 00:18:49]} {[%emt 00:01:53]} g1=Q+ {[%emt 00:00:10]} 62. Kf4 {[%emt
00:01:42]} Qg4+ {[%clk 01:18:24]} {[%emt 00:00:43]} 63. Ke5 {[%clk 00:18:54]}
{[%emt 00:00:25]} Qd7 {[%clk 01:18:27]} {[%emt 00:00:28]} 64. Ke4 {[%clk
00:18:50]} {[%emt 00:00:33]} Qd6 {[%clk 01:18:44]} {[%emt 00:00:14]} 65. Kf5
{[%clk 00:19:07]} {[%emt 00:00:12]} Kg2 {[%emt 00:00:41]} 66. Ke4 {[%clk
00:18:09]} {[%emt 00:01:01]} Kf2 {[%clk 01:19:00]} {[%emt 00:00:28]} 67. Kf5
{[%clk 00:17:46]} {[%emt 00:00:55]} Kf3 {[%clk 01:19:17]} {[%emt 00:00:12]} 68.
Kg5 {[%clk 00:18:05]} {[%emt 00:00:12]} Qf4+ {[%clk 01:19:16]} {[%emt
00:00:31]} 69. Kg6 {[%clk 00:18:11]} {[%emt 00:00:24]} Ke4 {[%clk 01:19:24]}
{[%emt 00:00:23]} 70. Kg7 {[%clk 00:18:03]} {[%emt 00:00:38]} Ke5 {[%clk
01:19:39]} {[%emt 00:00:14]} 71. Kg6 {[%clk 00:18:09]} {[%emt 00:00:24]} Nc5
{[%clk 01:19:45]} {[%emt 00:00:24]} 72. Kg7 {[%clk 00:17:49]} {[%emt 00:00:50]}
Ne6+ {[%clk 01:20:07]} {[%emt 00:00:08]} 73. Kg6 {[%clk 00:17:45]} {[%emt
00:00:34]} Qf5+ {[%clk 01:20:14]} {[%emt 00:00:22]} 74. Kh6 {[%clk 00:17:34]}
{[%emt 00:00:42]} Kf6 {[%clk 01:20:35]} {[%emt 00:00:09]} 75. a6 {[%clk
00:16:35]} {[%emt 00:01:29]} Qg6# {[%clk 01:20:57]} {[%emt 00:00:08]} 0-1

[Event "DEM U14w 2024"]
[Site "Willingen GER"]
[Date "2024.05.23"]
[Round "7"]
[White "Neumann, Anna-Lena"]
[Black "Dedic, Sajra"]
[Result "0-1"]
[Termination "normal"]
[Board "13"]
[WhiteElo "861"]
[BlackElo "1555"]
[WhiteClock "00:11:54"]
[BlackClock "00:02:41"]
[PlyCount "82"]
[WhiteFideId "34660321"]
[BlackFideId "14422794"]
[EventCountry "GER"]
[EventRounds "9"]
[EventType "swiss"]
[EventDate "2024.05.18"]

1. e4 {[%clk 01:30:57]} {[%emt 00:00:02]} d6 {[%clk 01:30:55]} {[%emt
00:00:04]} 2. d4 {[%clk 01:31:06]} {[%emt 00:00:18]} Nf6 {[%clk 01:31:20]}
{[%emt 00:00:01]} 3. Nc3 {[%clk 01:31:20]} {[%emt 00:00:10]} e5 {[%clk
01:31:44]} {[%emt 00:00:02]} 4. dxe5 {[%clk 01:31:08]} {[%emt 00:00:42]} dxe5
{[%clk 01:32:08]} {[%emt 00:00:06]} 5. Qxd8+ {[%clk 01:31:09]} {[%emt
00:00:28]} Kxd8 {[%clk 01:32:33]} {[%emt 00:00:05]} 6. Bg5 {[%clk 01:30:55]}
{[%emt 00:00:44]} Be6 {[%clk 01:32:57]} {[%emt 00:00:07]} 7. Nf3 {[%clk
01:29:22]} {[%emt 00:02:03]} Bd6 {[%clk 01:32:40]} {[%emt 00:00:47]} 8. O-O-O
{[%clk 01:27:47]} {[%emt 00:02:05]} Nbd7 {[%clk 01:31:04]} {[%emt 00:02:06]} 9.
Bb5 {[%clk 01:26:09]} {[%emt 00:02:08]} Kc8 {[%clk 01:12:32]} {[%emt 00:19:02]}
10. Rd2 {[%clk 01:22:53]} {[%emt 00:03:46]} a6 {[%clk 01:11:26]} {[%emt
00:01:36]} 11. Bxd7+ {[%clk 01:21:03]} {[%emt 00:02:20]} Nxd7 {[%clk 01:09:25]}
{[%emt 00:02:32]} 12. Nd5 {[%clk 01:16:41]} {[%emt 00:04:50]} f6 {[%clk
01:04:09]} {[%emt 00:05:46]} 13. Be3 {[%clk 01:12:37]} {[%emt 00:04:34]} Bc5
{[%clk 00:49:35]} {[%emt 00:15:04]} 14. Bxc5 {[%clk 01:10:01]} {[%emt
00:03:06]} Nxc5 {[%clk 00:49:58]} {[%emt 00:00:07]} 15. Ne7+ {[%clk 01:09:49]}
{[%emt 00:00:43]} Kb8 {[%clk 00:50:10]} {[%emt 00:00:17]} 16. b3 {[%clk
01:08:28]} {[%emt 00:01:52]} Nxe4 {[%clk 00:49:50]} {[%emt 00:00:50]} 17. Re2
{[%clk 01:07:15]} {[%emt 00:01:42]} Nc3 {[%clk 00:46:09]} {[%emt 00:04:11]} 18.
Re3 {[%clk 01:04:51]} {[%emt 00:02:54]} Nxa2+ {[%clk 00:44:16]} {[%emt
00:02:24]} 19. Kb2 {[%clk 01:04:26]} {[%emt 00:00:55]} Nb4 {[%clk 00:44:21]}
{[%emt 00:00:25]} 20. Re4 {[%clk 00:58:21]} {[%emt 00:06:34]} a5 {[%clk
00:43:25]} {[%emt 00:01:28]} 21. Rd1 {[%clk 00:53:19]} {[%emt 00:05:30]} Re8
{[%clk 00:26:35]} {[%emt 00:17:19]} 22. c3 {[%clk 00:50:10]} {[%emt 00:03:41]}
Na6 {[%clk 00:25:54]} {[%emt 00:01:11]} 23. Nd4 {[%clk 00:40:26]} {[%emt
00:10:13]} Rxe7 {[%clk 00:20:11]} {[%emt 00:06:13]} 24. Nb5 {[%clk 00:39:59]}
{[%emt 00:00:56]} Rd7 {[%clk 00:16:24]} {[%emt 00:04:18]} 25. Rde1 {[%clk
00:38:01]} {[%emt 00:02:29]} Rd2+ {[%clk 00:15:21]} {[%emt 00:01:31]} 26. Kc1
{[%clk 00:37:36]} {[%emt 00:00:56]} Rxf2 {[%clk 00:14:03]} {[%emt 00:01:49]}
27. Rh4 {[%clk 00:35:21]} {[%emt 00:02:45]} h6 {[%clk 00:13:14]} {[%emt
00:01:18]} 28. g4 {[%clk 00:35:10]} {[%emt 00:00:41]} Bxb3 {[%clk 00:11:28]}
{[%emt 00:02:17]} 29. g5 {[%clk 00:32:53]} {[%emt 00:02:47]} fxg5 {[%clk
00:09:48]} {[%emt 00:02:10]} 30. Rd4 {[%clk 00:32:19]} {[%emt 00:01:03]} b6
{[%clk 00:07:24]} {[%emt 00:02:55]} 31. Rxe5 {[%clk 00:31:14]} {[%emt
00:01:34]} Rf7 {[%clk 00:03:39]} {[%emt 00:04:14]} 32. c4 {[%clk 00:21:52]}
{[%emt 00:09:53]} Kb7 {[%clk 00:03:30]} {[%emt 00:00:40]} 33. Nd6+ {[%clk
00:16:19]} {[%emt 00:06:03]} cxd6 {[%clk 00:03:38]} {[%emt 00:00:22]} 34. Rxd6
{[%clk 00:16:23]} {[%emt 00:00:26]} Nc5 {[%clk 00:03:17]} {[%emt 00:00:50]} 35.
Re3 {[%clk 00:13:12]} {[%emt 00:03:40]} Raf8 {[%clk 00:03:00]} {[%emt
00:00:43]} 36. Kb2 {[%clk 00:12:30]} {[%emt 00:01:18]} Rf2+ {[%clk 00:03:00]}
{[%emt 00:00:30]} 37. Kc3 {[%clk 00:12:22]} {[%emt 00:00:38]} Rc2+ {[%clk
00:03:01]} {[%emt 00:00:28]} 38. Kd4 {[%clk 00:12:15]} {[%emt 00:00:36]} Rxc4+
{[%clk 00:02:51]} {[%emt 00:00:41]} 39. Ke5 {[%clk 00:11:57]} {[%emt 00:00:47]}
Re8+ {[%clk 00:03:05]} {[%emt 00:00:18]} 40. Kf5 {[%clk 00:11:48]} {[%emt
00:00:38]} Rf4+ {[%clk 00:03:22]} {[%emt 00:00:13]} 41. Kg6 {[%clk 00:11:54]}
{[%emt 00:00:24]} Rxe3 {[%clk 00:02:41]} {[%emt 00:01:11]} 0-1

[Event "DEM U14w 2024"]
[Site "Willingen GER"]
[Date "2024.05.23"]
[Round "7"]
[White "Mehner, Clara"]
[Black "Funke, Luise"]
[Result "1-0"]
[Termination "normal"]
[Board "14"]
[WhiteElo "1647"]
[BlackElo "1330"]
[WhiteClock "00:09:03"]
[BlackClock "00:06:44"]
[PlyCount "81"]
[WhiteFideId "34612165"]
[BlackFideId "34623752"]
[EventCountry "GER"]
[EventRounds "9"]
[EventType "swiss"]
[EventDate "2024.05.18"]

1. e4 {[%clk 01:30:59]} {[%emt 18:21:37]} e5 {[%clk 01:30:52]} {[%emt
00:00:22]} 2. Nf3 {[%clk 01:31:23]} {[%emt 00:00:15]} Nc6 {[%clk 01:31:17]}
{[%emt 00:00:03]} 3. Bc4 {[%clk 01:31:43]} {[%emt 00:00:08]} Bc5 {[%clk
01:31:38]} {[%emt 00:00:11]} 4. c3 {[%clk 01:31:59]} {[%emt 00:00:10]} Nf6
{[%clk 01:32:00]} {[%emt 00:00:11]} 5. d4 {[%clk 01:32:17]} {[%emt 00:00:06]}
exd4 {[%clk 01:32:22]} {[%emt 00:00:08]} 6. cxd4 {[%clk 01:32:32]} {[%emt
00:00:04]} Bb4+ {[%clk 01:32:41]} {[%emt 00:00:09]} 7. Nc3 {[%clk 01:32:38]}
{[%emt 00:00:25]} d5 {[%clk 01:23:47]} {[%emt 00:09:23]} 8. exd5 {[%clk
01:28:55]} {[%emt 00:04:13]} Nxd5 {[%clk 01:24:00]} {[%emt 00:00:17]} 9. O-O
{[%clk 01:26:47]} {[%emt 00:02:38]} Nxc3 {[%clk 01:17:31]} {[%emt 00:07:00]}
10. bxc3 {[%clk 01:23:12]} {[%emt 00:04:05]} Bxc3 {[%clk 01:14:55]} {[%emt
00:03:07]} 11. Bxf7+ {[%clk 01:16:41]} {[%emt 00:07:01]} Kxf7 {[%clk 01:11:05]}
{[%emt 00:04:19]} 12. Qb3+ {[%clk 01:16:57]} {[%emt 00:00:13]} Be6 {[%clk
01:11:20]} {[%emt 00:00:15]} 13. Qxc3 {[%clk 01:17:00]} {[%emt 00:00:28]} Re8
{[%clk 01:09:57]} {[%emt 00:01:53]} 14. Bb2 {[%clk 01:04:52]} {[%emt 00:12:38]}
Bd5 {[%clk 01:06:33]} {[%emt 00:03:53]} 15. Rfe1 {[%clk 00:56:49]} {[%emt
00:08:33]} Kg8 {[%clk 00:57:25]} {[%emt 00:09:39]} 16. a3 {[%clk 00:48:19]}
{[%emt 00:09:01]} Rf8 {[%clk 00:53:26]} {[%emt 00:04:28]} 17. Ne5 {[%clk
00:44:08]} {[%emt 00:04:40]} Qg5 {[%clk 00:48:58]} {[%emt 00:04:57]} 18. Qh3
{[%clk 00:42:38]} {[%emt 00:02:01]} Qd2 {[%clk 00:42:31]} {[%emt 00:06:56]} 19.
Nd3 {[%clk 00:35:21]} {[%emt 00:07:49]} Qg5 {[%clk 00:35:00]} {[%emt 00:08:00]}
20. Re3 {[%clk 00:31:30]} {[%emt 00:04:21]} Qf6 {[%clk 00:30:53]} {[%emt
00:04:37]} 21. Qg4 {[%clk 00:26:26]} {[%emt 00:05:33]} Rad8 {[%clk 00:23:42]}
{[%emt 00:07:42]} 22. Rae1 {[%clk 00:20:23]} {[%emt 00:06:34]} Rd6 {[%clk
00:20:38]} {[%emt 00:03:34]} 23. R1e2 {[%clk 00:12:05]} {[%emt 00:08:47]} Qh6
{[%clk 00:19:36]} {[%emt 00:01:32]} 24. Rg3 {[%clk 00:10:51]} {[%emt 00:01:44]}
Rg6 {[%clk 00:18:08]} {[%emt 00:01:58]} 25. Qd7 {[%clk 00:09:39]} {[%emt
00:01:43]} Rxg3 {[%clk 00:14:47]} {[%emt 00:03:51]} 26. Qxd5+ {[%clk 00:09:54]}
{[%emt 00:00:15]} Kh8 {[%clk 00:14:22]} {[%emt 00:00:55]} 27. hxg3 {[%clk
00:10:04]} {[%emt 00:00:20]} Qg6 {[%clk 00:13:15]} {[%emt 00:01:37]} 28. Qe4
{[%clk 00:09:59]} {[%emt 00:00:35]} Qf7 {[%clk 00:12:24]} {[%emt 00:01:21]} 29.
d5 {[%clk 00:09:35]} {[%emt 00:00:54]} Nb8 {[%clk 00:11:08]} {[%emt 00:01:46]}
30. Qe7 {[%clk 00:09:19]} {[%emt 00:00:44]} Qxe7 {[%clk 00:09:52]} {[%emt
00:01:48]} 31. Rxe7 {[%clk 00:09:40]} {[%emt 00:00:09]} Rg8 {[%clk 00:08:32]}
{[%emt 00:01:50]} 32. Rxc7 {[%clk 00:09:30]} {[%emt 00:00:39]} Na6 {[%clk
00:07:54]} {[%emt 00:01:08]} 33. Rxb7 {[%clk 00:09:46]} {[%emt 00:00:14]} h6
{[%clk 00:07:55]} {[%emt 00:00:30]} 34. Rxa7 {[%clk 00:10:03]} {[%emt
00:00:13]} Nb8 {[%clk 00:08:13]} {[%emt 00:00:11]} 35. Nc5 {[%clk 00:09:59]}
{[%emt 00:00:34]} Re8 {[%clk 00:06:56]} {[%emt 00:01:47]} 36. Bxg7+ {[%clk
00:09:28]} {[%emt 00:01:01]} Kg8 {[%clk 00:06:57]} {[%emt 00:00:29]} 37. Bxh6
{[%clk 00:08:50]} {[%emt 00:01:08]} Re1+ {[%clk 00:06:53]} {[%emt 00:00:35]}
38. Kh2 {[%clk 00:09:17]} {[%emt 00:00:03]} Rd1 {[%clk 00:07:02]} {[%emt
00:00:21]} 39. Ne4 {[%clk 00:08:54]} {[%emt 00:00:52]} Rxd5 {[%clk 00:06:26]}
{[%emt 00:01:06]} 40. Nf6+ {[%clk 00:09:03]} {[%emt 00:00:22]} Kh8 {[%clk
00:06:44]} {[%emt 00:00:11]} 41. Rh7# {[%emt 00:00:06]} 1-0